Most Remembered States - Statistics

General Stats
  • This quiz has been taken 26 times
  • The average score is 7 of 10
Answer Stats
US State % Correct
California
100%
New York
100%
Florida
96%
Texas
92%
Washington
83%
Alaska
79%
Nevada
71%
North Carolina
46%
South Dakota
38%
North Dakota
33%
No matching quizzes found
Score Distribution
Percent of People with Each Score
Percentile by Number Answered
Your Score History
You have not taken this quiz